• Jornadas de Teología

di Meeting Name

Records bibliografici associati: 1

001 - CONTROL NUMBER

  • control field: 26833

003 - CONTROL NUMBER IDENTIFIER

  • control field: IT-RoINE

005 - DATE AND TIME OF LATEST TRANSACTION

  • control field: 20161013085355.0

008 - FIXED-LENGTH DATA ELEMENTS

  • fixed length control field: 161013|| aca||aabn | a|a d

040 ## - CATALOGING SOURCE

  • Original cataloging agency: IT-RoINE
  • Transcribing agency: IT-RoINE

111 ## - HEADING--MEETING NAME

  • Meeting name or jurisdiction name as entry element: Jornadas de Teología
  • Number of part/section/meeting: (45ª.
  • Date of meeting: 2013.
  • Location of meeting: Ávila, España)

670 ## - SOURCE DATA FOUND

  • Source citation: Work cat.: (IT-RoINE)0: Jornadas de Teología (45ª. 2013. Ávila, España), Creemos, la dimensión eclesial de la fe :, 2015.